Bilecik Bilecik Bilecik Bilecik Bilecik

Şiir nasıl okunur/ (Record no. 48729)

MARC details
000 -BAŞLIK
Sabit Uzunluktaki Kontrol Alanı 01377nam a22004337a 4500
001 - KONTROL NUMARASI
Control Dosyası 0048890
003 - KONTROL NUMARASI KİMLİĞİ
Kontrol Alanı KOHA_MİRAKIL
005 - EN SON İŞLEM TARİHİ ve ZAMANI
Kontrol Alanı 20260207003631.0
007 - FİZİKSEL TANIM SABİT ALAN - GENEL BİLGİ
Sabit uzunluklu kontrol alanı ta
008 - SABİT UZUNLUKTAKİ VERİ ÖGELERİ - GENEL BİLGİ
Sabit Alan 250107b2011 tu |||gr||||#0|||1|tur |
020 ## - ISBN - ULUSLARARASI STANDART KİTAP NUMARASI
Isbn 9786051031323
040 ## - KATALOGLAMA KAYNAĞI
Özgün Kataloglama Kurumu TR-BiSEU
Kataloglama Dili tur
Çeviri Kurumu TR-BiSEU
Açıklama Kuralları rda
041 0# - DİL KODU
Metin ya da ses kaydının dil kodu tur
044 ## - YAYINLAYAN/ÜRETEN KURULUŞUN ÜLKE KODU
ISO country code tu
050 ## - SINIFLAMA ve YER NUMARASI
Sınıflama Numarası PR502
Yer Numarası .E23 2011
100 1# - KİŞİ ADI
Yazar Adı (Kişi adı) Eagleton, Terry.
240 10 - TEK BİÇİM BAŞLIK
Language of a work Türkçe
245 1# - ESER ADI BİLDİRİMİ
Başlık Şiir nasıl okunur/
Sorumluluk Bildirimi Terry Eagleton ; Terry Eagleton; çeviren Kaya Genç.
264 #1 - ÜRERİM, YAYIN, DAĞITIM ve TELİF BİLDİRİMİ
Yayın yeri İstanbul :
Yayınlayan Agora Kitaplığı
Yayın tarihi 2011
300 ## - FİZİKSEL TANIMLAMA
Sayfa, Cilt vb. 266 sayfa; 21 cm.
336 ## - İÇERİK TÜRÜ
Content type term metin
Content type code txt
Source rdacontent
337 ## - MEDYA TÜRÜ
Media type term aracısız
Media type code n
Source rdamedia
338 ## - TAŞIYICI TÜRÜ
Carrier type term cilt
Carrier type code nc
Source rdacarrier
490 1# - DİZİ BİLDİRİMİ
Dizi Bildirimi Agora kitaplığı ;
Cilt Numarası 335.
490 1# - DİZİ BİLDİRİMİ
Dizi Bildirimi edebiyat kuramı;13.
500 ## - GENEL NOT
Genel Not Özgün adı: how to read a poem.
650 #0 - KONU BAŞLIĞI EK GİRİŞ - KONU TERİMİ
Konusal terim veya coğrafi ad İngiliz şiiri--Tarih ve kritik.
9 (RLIN) 89634
650 #0 - KONU BAŞLIĞI EK GİRİŞ - KONU TERİMİ
Konusal terim veya coğrafi ad Amerika şiir--Tarih ve kritik.
9 (RLIN) 89635
650 #0 - KONU BAŞLIĞI EK GİRİŞ - KONU TERİMİ
Konusal terim veya coğrafi ad Şiir--açıklama.
9 (RLIN) 89636
650 #0 - KONU BAŞLIĞI EK GİRİŞ - KONU TERİMİ
Konusal terim veya coğrafi ad Şiir tekniği.
9 (RLIN) 89637
650 #0 - KONU BAŞLIĞI EK GİRİŞ - KONU TERİMİ
Konusal terim veya coğrafi ad English poetry--History and criticism.
9 (RLIN) 89638
650 #0 - KONU BAŞLIĞI EK GİRİŞ - KONU TERİMİ
Konusal terim veya coğrafi ad American poetry--History and criticism.
9 (RLIN) 89639
650 #0 - KONU BAŞLIĞI EK GİRİŞ - KONU TERİMİ
Konusal terim veya coğrafi ad Poetry--Explication.
9 (RLIN) 89640
650 #0 - KONU BAŞLIĞI EK GİRİŞ - KONU TERİMİ
Konusal terim veya coğrafi ad Poetics.
9 (RLIN) 12508
830 1# - SERİ EK GİRİŞİ - TEKBİÇİM ESER ADI
Tekbiçim Başlık Agora kitaplığı ;
Volume number/sequential designation 335.
9 (RLIN) 75799
830 1# - SERİ EK GİRİŞİ - TEKBİÇİM ESER ADI
Tekbiçim Başlık edebiyat kuramı;13.
9 (RLIN) 89641
907 ## - LOCAL DATA ELEMENT G, LDG (RLIN)
a Edebiyat
942 ## - EK GİRİŞ ÖGELERİ (KOHA)
Source of classification or shelving scheme Library of Congress Classification
Koha item type Book
Holdings
Materyal Türü Kalıcı Konum Mevcut Konum Raf Yeri Sınıflandırma Kaynağı Edinim Bilgisi Ana Konular Alt Konular Yer Numarası Demirbaş Numarası Fatura Tarihi Maliyet, Alış Fiyatı Maliyet, Yenileme Fiyatı Geri Çekilme Durumu Kayıp Durumu Hasarlı Durumu Kredi için değil Kayıt Tarih Toplam Ödünçverme Son Görülme Tarihi Son Kontrol Tarihi Satın Alma Notu Genel / Bağış Notu
Book BŞEÜ Osmaneli MYO Kütüphanesi BŞEÜ Osmaneli MYO Kütüphanesi   Library of Congress Classification Bağış DİL VE EDEBİYAT İngiliz Edebiyatı PR502 .E23 2011 0072843 02/02/2026             07/01/2025   27/05/2025 27/05/2025   Mustafa Çakır, Akademisyen
Book Prof. Dr. Azmi Özcan Kütüphanesi Prof. Dr. Azmi Özcan Kütüphanesi Birûni Salonu Library of Congress Classification Satın DİL VE EDEBİYAT İngiliz Edebiyatı PR502 .E23 2011 0048890 07/07/2015 6.20 6.20         29/06/2015 3 27/05/2025 27/05/2025 B-984687 - B-984797